000 00335nam a22001457a 4500
003 OSt
008 220521b ||||| |||| 00| 0 eng d
020 _a978-1-84-794183-1
082 _a155.24 CHA
100 _aCLEAR, James
245 _aAtomic Habits
260 _aLondon
_bRH Business Book
_c2018
300 _a306
942 _2ddc
_cBK
999 _c11256
_d11256